Political ideologies: Their origins and impact (Record no. 105795)

MARC details
000 -LEADER
fixed length control field 00412nam a2200157Ia 4500
008 - FIXED-LENGTH DATA ELEMENTS--GENERAL INFORMATION
fixed length control field 230917s9999||||xx |||||||||||||| ||und||
040 ## - CATALOGING SOURCE
-- 53817
Original cataloging agency VIVEKANANDA LIBRARY
041 ## - Language
-- English
082 ## - DDC NUMBER
Classification number 320.509 B231P
100 ## - MAIN ENTRY--PERSONAL NAME
Personal name Baradat, Leon P
245 #0 - TITLE STATEMENT
Title Political ideologies: Their origins and impact
250 ## - EDITION STATEMENT
Edition statement 6th ed.
260 ## - PUBLICATION, DISTRIBUTION, ETC. (IMPRINT)
Place of publication, distribution, etc Englewood Cliffs
Name of publisher, distributor, etc Prentice-Hall
Date of publication, distribution, etc 1997
300 ## - PHYSICAL DESCRIPTION
Pages xiv, 338 p.
942 ## - ADDED ENTRY ELEMENTS (KOHA)
Koha item type Books
Holdings
Withdrawn status Lost status Damaged status Not for loan Location (home branch) Sublocation or collection (holding branch) Date acquired Koha issues (times borrowed) Koha full call number Accession No. Koha date last seen Koha item type
        VIVEKANANDA LIBRARY VIVEKANANDA LIBRARY 17/12/2002   320.509 B231P 191249 17/09/2023 Books
© Designed and Maintained by Vivekananda Library, MDU Rohtak